Types of Vehicles Quiz Stats

Quiz not verified by Sporcle

Challenge
Share
Tweet
Score 0/20 Timer 03:00
0 Plays Today
Vehicle % Correct
School Bus
100%
Car
99.1%
Bicycle
97.2%
Train
97.2%
Airplane
96.3%
Helicopter
96.3%
Sailboat
96.3%
Motorcycle
94.5%
Submarine
93.6%
Firetruck
92.7%
Vehicle % Correct
Limousine
90.8%
Tram
90.8%
Ambulance
89.9%
Blimp
88.1%
Hot Air Balloon
87.2%
Yacht
86.2%
RV
74.3%
ATV
68.8%
Snowmobile
65.1%
Seaplane
56%

You're not logged in!

Compare scores with friends on all Sporcle quizzes.
Join for Free
OR
Log In

You Might Also Like...

Show Comments

Extras

Top Quizzes Today


Score Distribution

Your Account Isn't Verified!

In order to create a playlist on Sporcle, you need to verify the email address you used during registration. Go to your Sporcle Settings to finish the process.

Report this User

Report this user for behavior that violates our Community Guidelines.

Details: